Statistics for Pikmin areas

Click here to take the quiz!

General Stats

  • This quiz has been taken 104 times
  • The average score is 9 of 14

Answer Stats

HintAnswer% Correct
2nd in 3Garden of Hope
86%
2nd in 1The Forest of Hope
84%
3rd in 1The Forest Navel
80%
1st in 1The Impact Site
75%
Last in 1The Final Trial
74%
3rd in 2Perplexing Pool
68%
Last in 2Wistful Wild
67%
4th in 1The Distant Spring
65%
Last in 3Formidable oak
62%
2nd in 2Awakening Wood
61%
3rd in 3Distant Tundra
59%
1st in 2Valley of Repose
59%
4th in 3Twilight River
58%
1st in 3Tropical Winds
9%

Score Distribution

Percentile by Number Answered

Percent of People with Each Score

Your Score History

You have not taken this quiz